Statistics for NBA 2016-17 Biggest Salaries By Team

Click here to take the quiz!

General Stats

  • This quiz has been taken 233 times
  • The average score is 18 of 30

Answer Stats

PlayerTeamSalaries% Correct
LeBron JamesCleveland Cavaliers$30,963,450
100%
James HardenHouston Rockets$26,540,100
99%
Russell WestbrookOklahoma City Thunder$26,540,100
99%
Damian LillardPortland Trail Blazers$24,328,425
90%
Kevin DurantGolden State Warriors$26,540,100
90%
DeMar DeRozanToronto Raptors$26,540,100
86%
Dwyane WadeChicago Bulls$23,200,000
86%
Anthony DavisNew Orleans Pelicans$22,116,750
85%
Carmelo AnthonyNew York Knicks$24,559,380
84%
Dirk NowitzkiDallas Mavericks$25,000,000
83%
Chris PaulLos Angeles Clippers$22,868,827
81%
Bradley BealWashington Wizards$22,116,750
79%
Mike ConleyMemphis Grizzlies$26,540,100
79%
Paul GeorgeIndiana Pacers$18,100,000
74%
Al HorfordBoston Celtics$26,540,100
71%
Brook LopezBrooklyn Nets$21,165,675
66%
Andre DrummondDetroit Pistons$22,116,750
59%
Chris BoshMiami Heat$23,741,060
54%
Dwight HowardAtlanta Hawks$23,500,000
53%
DeMarcus CousinsSacramento Kings$15,756,438
52%
LaMarcus AldridgeSan Antonio Spurs$20,575,005
52%
Gordon HaywardUtah Jazz$16,073,140
50%
Nicolas BatumCharlotte Hornets$20,869,566
33%
Eric BledsoePhoenix Suns$14,000,000
30%
Luol DengLos Angeles Lakers$18,000,000
21%
Ricky RubioMinnesota Timberwolves$13,400,000
21%
Danilo GallinariDenver Nuggets$15,050,000
15%
Greg MonroeMilwaukee Bucks$17,145,838
14%
Bismack BiyomboOrlando Magic$17,000,000
12%
Jerryd BaylessPhiladelphia 76ers$9,424,084
2%

Score Distribution

Percentile by Number Answered

Percent of People with Each Score

Your Score History

You have not taken this quiz